000 01340nam a22002897a 4500
999 _c392514
_d392514
003 BLK
005 20250723133017.0
008 200702b bu ||||| |||| 00| 0 bu d
020 _a9786197386646
040 _aBLK
041 _aBUL
_cBUL
080 _aБългарска литература
_b821.163.2
_x-93-34
_z821.163.2-93-34
080 _aИздания за деца и юноши. Книжки-картинки. Читанки. Вж и 372.4
_b087.5
_z 087.5
100 _91581
_aАтанасова, Мая Йорданова
_eтекст
139 _aАтанасова, Мая Йорданова
_bА 93
245 _aНе искам да ходя на градина!
_bКнижка с картинки
_cТекст Мая Йорданова Атанасова; ил. Антоанета Димитрова Четрафилова
257 _aBGR
260 _9216689
_aСофия
_bКлевър Бук
_c2020
300 _a[44] с.
_bс цв. ил.
_c22Х22 см
380 _aDX
490 _9417281
_aПоредица Истории с игри
700 1 _9141638
_aЧетрафилова, Антоанета Димитрова
_eил.
852 _bД
_c821.163.2-93/А 93 М
852 _aЦб ІІ 30986
_bЦб
942 _cKNG
_n0
_s1
_092
944 _aCR
_c2020-07-02
_k30564
_lАнна Гръцманова